| 000 | 00518cam a22002171 4500 | ||
|---|---|---|---|
| 001 | sa 68007545 | ||
| 003 | DLC | ||
| 005 | 20260227112523.0 | ||
| 008 | 891214s1968 ii 000 1 hino | ||
| 010 | _asa 68007545 | ||
| 035 | _a(OCoLC)20783148 | ||
| 040 |
_aDLC _cWaU _dDLC |
||
| 042 | _apremarc | ||
| 050 | 0 | 0 |
_aPK2098.A88 _bU8 |
| 100 | 1 |
_aAvasthi, Rajendra, _d1929- |
|
| 245 | 1 | 0 | _aUtarate jvāra kī sīpiyām̐. |
| 260 | _c1968. | ||
| 300 |
_a231 p. _c19 cm. |
||
| 500 | _aIn Hindi. | ||
| 500 | _aA novel. | ||
| 999 |
_c81884 _d81884 |
||